The programmer's COBOL : a complete reference /
Guardado en:
| Autor Principal: | |
|---|---|
| Formato: | Libro |
| Idioma: | English |
| Publicado: |
New York :
Inter-ACT Publications,
c1970.
|
| Materias: | |
| Etiquetas: |
Agregar Etiqueta
Sin Etiquetas, Sea el primero en etiquetar este registro!
|
| LEADER | 00575cam a22001695 4500 | ||
|---|---|---|---|
| 001 | MAT.inmabb002083 | ||
| 008 | 710219s1970####nyu###########001#0#eng#d | ||
| 005 | 20170425154636.0 | ||
| 245 | 1 | 4 | |a The programmer's COBOL : |b a complete reference / |c by Marjorie Berk ; with a foreword by Robert Bemer. |
| 260 | |a New York : |b Inter-ACT Publications, |c c1970. | ||
| 300 | |a xxviii, 320 p. ; |c 29 cm. | ||
| 020 | |a 0070048959 | ||
| 100 | 1 | |a Berk, Marjorie. | |
| 084 | |a 68N15 |2 msc2000 | ||
| 650 | 0 | |a COBOL (Computer program language) | |
| 010 | |a 70020656 | ||
| 859 | |h 68 |i M344 |p A-3724 |b BIB. MATEMATICA | ||
